<?xml version="1.0" encoding="UTF-8"?>
<record
    xmlns:xsi="http://www.w3.org/2001/XMLSchema-instance"
    xsi:schemaLocation="http://www.loc.gov/MARC21/slim http://www.loc.gov/standards/marcxml/schema/MARC21slim.xsd"
    xmlns="http://www.loc.gov/MARC21/slim">

  <leader>04112cam a22004454i 4500</leader>
  <controlfield tag="003">PE-LiUPU</controlfield>
  <controlfield tag="005">20250731165416.0</controlfield>
  <controlfield tag="008">151203s2008    pe     grm    000 0 spa d</controlfield>
  <datafield tag="035" ind1=" " ind2=" ">
    <subfield code="a">(Sirsi) a155403</subfield>
  </datafield>
  <datafield tag="040" ind1=" " ind2=" ">
    <subfield code="a">PE-LiUPU</subfield>
    <subfield code="b">spa</subfield>
    <subfield code="c">PE-LiUPU</subfield>
    <subfield code="e">rda</subfield>
  </datafield>
  <datafield tag="099" ind1=" " ind2=" ">
    <subfield code="a">SP 3</subfield>
    <subfield code="b">S68 2008</subfield>
  </datafield>
  <datafield tag="100" ind1="1" ind2=" ">
    <subfield code="a">Soria Mar&#xED;n, Marisol Carmen</subfield>
    <subfield code="e">autor</subfield>
  </datafield>
  <datafield tag="245" ind1="1" ind2=" ">
    <subfield code="a">Impacto del programa de capacitaci&#xF3;n para la adquisici&#xF3;n de competencias en el manejo adecuado de la lactancia materna en los estudiantes del primer a&#xF1;o de Nutrici&#xF3;n Humana de la Universidad Peruana Uni&#xF3;n, 2006 /</subfield>
    <subfield code="c">sMarisol Carmen Soria Mar&#xED;n.</subfield>
  </datafield>
  <datafield tag="264" ind1=" " ind2="0">
    <subfield code="c">2008.</subfield>
  </datafield>
  <datafield tag="300" ind1=" " ind2=" ">
    <subfield code="a">137 hojas </subfield>
    <subfield code="c">30 cm</subfield>
  </datafield>
  <datafield tag="336" ind1=" " ind2=" ">
    <subfield code="a">text</subfield>
    <subfield code="2">rdacontent</subfield>
  </datafield>
  <datafield tag="337" ind1=" " ind2=" ">
    <subfield code="a">unmediated</subfield>
    <subfield code="2">rdamedia</subfield>
  </datafield>
  <datafield tag="338" ind1=" " ind2=" ">
    <subfield code="a">volume</subfield>
    <subfield code="2">rdacarrier</subfield>
  </datafield>
  <datafield tag="502" ind1=" " ind2=" ">
    <subfield code="a">Tesis</subfield>
    <subfield code="b">(Mg.) -- </subfield>
    <subfield code="c">Universidad Peruana Uni&#xF3;n,</subfield>
    <subfield code="d">2008.</subfield>
  </datafield>
  <datafield tag="504" ind1=" " ind2=" ">
    <subfield code="a">Incluye referencias</subfield>
  </datafield>
  <datafield tag="520" ind1="3" ind2=" ">
    <subfield code="a">Seg&#xFA;n la Organizaci&#xF3;n Mundial de la Salud (OMS) las pr&#xE1;cticas de alimentaci&#xF3;n adecuada son fundamentales para la supervivencia, el crecimiento, el desarrollo, la salud y la nutrici&#xF3;n de los lactantes y ni&#xF1;os en cualquier lugar del mundo. Partiendo de este principio, la duraci&#xF3;n &#xF3;ptima de la lactancia materna exclusiva es uno de los aspectos cruciales de salud p&#xFA;blica que la OMS estudia continuamente. Desde hace ya tiempo, existe consenso sobre la necesidad de la lactancia materna exclusiva; no obstante, se ha debatido extensamente acerca de su duraci&#xF3;n &#xF3;ptima. Seg&#xFA;n la Encuesta Demogr&#xE1;fica y de Salud Familiar (ENDES IV) Continua 2004-2005. La lactancia exclusiva en ni&#xF1;os menores de 6 meses en el 2000 era de 67% y del 2004-2005 fue de 63% lo que evidencia una disminuci&#xF3;n significativa en las pr&#xE1;cticas de exclusividad de la lactancia. Se puede afirmar que la promoci&#xF3;n de la lactancia materna exclusiva durante los primeros seis meses de vida, es la medida sanitaria de mayor impacto para bajar la mortalidad infantil. Siendo la consejer&#xED;a la principal actividad para emitir los mensajes de lactancia materna. Las alumnas de Nutrici&#xF3;n Humana de la Universidad Peruana Uni&#xF3;n adquirir&#xE1;n competencias en el manejo adecuado de la lactancia materna. Se realiz&#xF3; un curso te&#xF3;rico pr&#xE1;ctico de 20 horas de capacitaci&#xF3;n en el manejo adecuado de la lactancia materna a las alumnas del primer a&#xF1;o de Nutrici&#xF3;n, con 18 horas te&#xF3;ricas y 2 horas de aplicaci&#xF3;n cl&#xED;nica en el Centro de Salud Materno Infantil Miguel Grau. Se aplic&#xF3; un Pre test y Postest para evaluar los conocimientos y una "Gu&#xED;a de Cotejo para evaluar las competencias de las alumnas en el manejo de la Lactancia Materna con supervisi&#xF3;n dirigida. Las alumnas de Nutrici&#xF3;n Humana adquirieron conocimientos en lactancia materna en un 100%, el promedio de los resultados del pre test es 8.87 y el pos test 18.8 de 20 puntos. En adquisici&#xF3;n de competencia. El 100% de las alumnas obtuvo entre 15.3 a 19.5 de 20 puntos. La "Gu&#xED;a de Cotejo de Competencias en el manejo adecuado de la lactancia materna" se aplic&#xF3; a las alumnas que recibieron la capacitaci&#xF3;n, ya que eval&#xFA;a en qu&#xE9; medida adquirieron competencias en el manejo de la lactancia; evidenci&#xE1;ndose los siguientes resultados: El 91% de las alumnas capacitadas demuestran habilidades y destrezas en t&#xE9;cnicas de extracci&#xF3;n manual y conservaci&#xF3;n de leche materna. El 94% de las alumnas capacitadas tienen habilidades y destrezas en reconocer y sugerir las posibles soluciones a los problemas relacionadas a la lactancia materna. El 89% de las alumnas tiene buenas pr&#xE1;cticas de consejer&#xED;a en la lactancia materna.</subfield>
  </datafield>
  <datafield tag="526" ind1=" " ind2=" ">
    <subfield code="a">SEG44</subfield>
  </datafield>
  <datafield tag="526" ind1=" " ind2=" ">
    <subfield code="a">SEG26</subfield>
  </datafield>
  <datafield tag="526" ind1=" " ind2=" ">
    <subfield code="a">P151</subfield>
  </datafield>
  <datafield tag="526" ind1=" " ind2=" ">
    <subfield code="a">P150</subfield>
  </datafield>
  <datafield tag="526" ind1=" " ind2=" ">
    <subfield code="a">P149</subfield>
  </datafield>
  <datafield tag="526" ind1=" " ind2=" ">
    <subfield code="a">P146</subfield>
  </datafield>
  <datafield tag="526" ind1=" " ind2=" ">
    <subfield code="a">P145</subfield>
  </datafield>
  <datafield tag="526" ind1=" " ind2=" ">
    <subfield code="a">P126</subfield>
  </datafield>
  <datafield tag="526" ind1=" " ind2=" ">
    <subfield code="a">P125</subfield>
  </datafield>
  <datafield tag="526" ind1=" " ind2=" ">
    <subfield code="a">P92</subfield>
  </datafield>
  <datafield tag="526" ind1=" " ind2=" ">
    <subfield code="a">P75</subfield>
  </datafield>
  <datafield tag="526" ind1=" " ind2=" ">
    <subfield code="a">P74</subfield>
  </datafield>
  <datafield tag="526" ind1=" " ind2=" ">
    <subfield code="a">P27</subfield>
  </datafield>
  <datafield tag="526" ind1=" " ind2=" ">
    <subfield code="a">P15</subfield>
  </datafield>
  <datafield tag="650" ind1="0" ind2="4">
    <subfield code="a">Lactancia</subfield>
    <subfield code="x">Planes y programas</subfield>
    <subfield code="x">Universidad Peruana Uni&#xF3;n.</subfield>
  </datafield>
  <datafield tag="596" ind1=" " ind2=" ">
    <subfield code="a">1</subfield>
  </datafield>
  <datafield tag="942" ind1=" " ind2=" ">
    <subfield code="2">ddc</subfield>
    <subfield code="c">TESIS</subfield>
  </datafield>
  <datafield tag="999" ind1=" " ind2=" ">
    <subfield code="a">SP 3 S68 2008</subfield>
    <subfield code="w">ALPHANUM</subfield>
    <subfield code="c">8085</subfield>
    <subfield code="i">T01206</subfield>
    <subfield code="l">CCODEBUL3</subfield>
    <subfield code="m">BUL</subfield>
    <subfield code="r">1</subfield>
    <subfield code="s">Y</subfield>
    <subfield code="t">TESIS</subfield>
    <subfield code="u">2015-12-3</subfield>
    <subfield code="x">POSGRADO</subfield>
    <subfield code="P">P82</subfield>
    <subfield code="o">.STAFF. Tesis</subfield>
    <subfield code="d">8085</subfield>
  </datafield>
  <datafield tag="980" ind1=" " ind2=" ">
    <subfield code="8">1</subfield>
    <subfield code="g">ALBERTO SANCHEZ Responsable de Automatizaci&#xF3;n</subfield>
  </datafield>
  <datafield tag="952" ind1=" " ind2=" ">
    <subfield code="r">2022-07-06 00:00:00</subfield>
    <subfield code="l">0</subfield>
    <subfield code="o">SP 3 S68 2008</subfield>
    <subfield code="p">T01206</subfield>
    <subfield code="t">e1</subfield>
    <subfield code="w">2015-12-03</subfield>
    <subfield code="x">PG</subfield>
    <subfield code="y">TESIS</subfield>
    <subfield code="z">Este &#xCD;tem NO se presta por ser Ejemplar #1.</subfield>
    <subfield code="1">0</subfield>
    <subfield code="2">ddc</subfield>
    <subfield code="7">1</subfield>
    <subfield code="8">TESIS</subfield>
    <subfield code="f">P82</subfield>
    <subfield code="a">BUL</subfield>
    <subfield code="b">BUL</subfield>
    <subfield code="c">TESIS</subfield>
    <subfield code="d">2015-12-03</subfield>
  </datafield>
</record>
